50 cyfr po przecinku liczby π - Statystyki

Ogólne statystyki
  • Ten quiz został rozwiązany 65 razy
  • Średni wynik to 30 z 50
Statystyki odpowiedzi
3, % Poprawnych
1
100%
4
100%
1
94%
2
94%
3
94%
5
94%
5
94%
6
94%
9
94%
5
89%
7
89%
8
89%
9
89%
3
78%
9
78%
2
72%
3
72%
4
72%
8
72%
2
67%
6
67%
6
67%
3
61%
3
61%
4
61%
2
56%
3
56%
7
56%
8
56%
5
50%
9
50%
0
44%
2
44%
8
44%
1
39%
4
39%
8
39%
9
39%
1
33%
7
33%
0
28%
1
28%
3
28%
3
28%
5
28%
6
28%
7
28%
9
28%
9
28%
9
28%
Nie znaleziono quizów pasujących do podanych kryteriów
Rozkład punktacji
Procent ludzi z każdym wynikiem
Percentyl według liczby udzielonych odpowiedzi
Twoja historia wyników
Nie rozwiązałeś tego quizu